[Event "POL-chT blind"]
[Site "Wagrowiec"]
[Date "2017.10.18"]
[Round "5.17"]
[White "Przewoznik, Emil"]
[Black "Traczyk, Tadeusz"]
[Result "1-0"]
[WhiteElo "1772"]
[BlackElo "1820"]
[PlyCount "126"]
[EventDate "2017.10.14"]
[EventType "team-tourn"]
[EventRounds "9"]
[EventCountry "POL"]
[SourceTitle "EXT 2019"]
[Source "ChessBase"]
[SourceDate "2018.10.10"]
[SourceVersion "1"]
[SourceVersionDate "2018.10.10"]
[SourceQuality "1"]

1. d4 Nf6 2. Nf3 g6 3. Nc3 Bg7 4. e4 d6 5. Bc4 0-0 6. Qe2 c6 7. e5 dxe5 8. dxe5 Nd5 9. Bd2 e6 10. Rd1 Qc7 11. 0-0 Nd7 12. Rfe1 a6 13. Bd3 b5 14. a3 Bb7 15. Na2 N5b6 16. Bf4 Nc5 17. Qd2 Rad8 18. Bh6 Nc4 19. Qf4 Bxh6 20. Qxh6 f6 21. Bxc4 bxc4 22. exf6 Rxf6 23. Rxd8+ Qxd8 24. Qh4 Qf8 25. Qxc4 Rf4 26. Qc3 Ne4 27. Qe5 Nc5 28. b4 Rf5 29. Qe3 Na4 30. Qxe6+ Kg7 31. c4 c5 32. Qe7+ Rf7 33. Qe5+ Rf6 34. Ng5 Bc8 35. Ne4 cxb4 36. Qxf6+ Qxf6 37. Nxf6 Kxf6 38. axb4 Be6 39. Nc1 Bxc4 40. Re4 Bb5 41. Rh4 h5 42. Nb3 Nc3 43. Nd4 Ne2+ 44. Nxe2 Bxe2 45. Re4 Bb5 46. h4 Kf5 47. Re7 Kg4 48. Rg7 Bd3 49. Rd7 Bb5 50. Rd4+ Kf5 51. f3 Ke5 52. Re4+ Kf5 53. Kf2 g5 54. hxg5 Kxg5 55. g3 Kf5 56. Ke3 Bc6 57. Rc4 Bb5 58. Rc5+ Kg6 59. Kf4 Be2 60. Rc6+ Kf7 61. Kg5 Ke7 62. f4 Kf7 63. Rb6 Kg7 1-0

[Event "POL-chT blind"]
[Site "Wagrowiec"]
[Date "2017.10.14"]
[Round "1.14"]
[White "Traczyk, Tadeusz"]
[Black "Staruch, Roman"]
[Result "1-0"]
[WhiteElo "1820"]
[BlackElo "1911"]
[PlyCount "56"]
[EventDate "2017.10.14"]
[EventType "team-tourn"]
[EventRounds "9"]
[EventCountry "POL"]
[SourceTitle "EXT 2019"]
[Source "ChessBase"]
[SourceDate "2018.10.10"]
[SourceVersion "1"]
[SourceVersionDate "2018.10.10"]
[SourceQuality "1"]

1. Nf3 d5 2. g3 c5 3. Bg2 Nc6 4. 0-0 Nf6 5. d3 e5 6. Nbd2 Be7 7. c4 d4 8. a3 0-0 9. Qc2 Bf5 10. Nh4 Bd7 11. Nhf3 Rb8 12. Nb3 b5 13. cxb5 Rxb5 14. Nbd2 Qc7 15. Nc4 Rfb8 16. Nfd2 Na5 17. Nxa5 Qxa5 18. f4 Ng4 19. Nc4 Qc7 20. fxe5 Ne3 21. Bxe3 dxe3 22. Rf3 Be6 23. Raf1 Bxc4 24. Qxc4 g6 25. Qxf7+ Kh8 26. Rxe3 Rf8 27. Qd5 Rxf1+ 28. Bxf1 Rxb2 1-0

[Event "POL-chT blind"]
[Site "Wagrowiec"]
[Date "2016.11.19"]
[Round "9.16"]
[White "Traczyk, Tadeusz"]
[Black "Dziobek, Jerzy"]
[Result "1/2-1/2"]
[WhiteElo "1857"]
[BlackElo "1750"]
[PlyCount "62"]
[EventDate "2016.11.11"]
[EventType "team-tourn"]
[EventRounds "9"]
[EventCountry "POL"]
[SourceTitle "EXT 2019"]
[Source "ChessBase"]
[SourceDate "2018.10.10"]
[SourceVersion "1"]
[SourceVersionDate "2018.10.10"]
[SourceQuality "1"]

1. e4 c5 2. Nf3 d6 3. d4 cxd4 4. Nxd4 Nc6 5. Nc3 a6 6. Bc4 Nf6 7. 0-0 Qc7 8. Bb3 e6 9. a3 Be7 10. Kh1 0-0 11. f4 Nxd4 12. Qxd4 Qc5 13. Qd3 b5 14. Be3 Qc7 15. Rad1 Bb7 16. f5 exf5 17. Rxf5 Bc8 18. Rff1 Be6 19. Nd5 Nxd5 20. exd5 Bg4 21. Rd2 Bh5 22. c3 Bg6 23. Qe2 Rae8 24. Bc2 Bxc2 25. Rxc2 Bf6 26. Qf2 Qe7 27. Re2 Bg5 28. Rfe1 Bxe3 29. Rxe3 Qd7 30. Rxe8 Rxe8 31. Rxe8+ Qxe8 1/2-1/2

[Event "POL-chT blind"]
[Site "Wagrowiec"]
[Date "2016.11.14"]
[Round "4.13"]
[White "Stankiewicz, Edward"]
[Black "Traczyk, Tadeusz"]
[Result "1-0"]
[WhiteElo "1825"]
[BlackElo "1857"]
[PlyCount "73"]
[EventDate "2016.11.11"]
[EventType "team-tourn"]
[EventRounds "9"]
[EventCountry "POL"]
[SourceTitle "EXT 2019"]
[Source "ChessBase"]
[SourceDate "2018.10.10"]
[SourceVersion "1"]
[SourceVersionDate "2018.10.10"]
[SourceQuality "1"]

1. e4 c5 2. Nf3 Nc6 3. d4 cxd4 4. Nxd4 Nf6 5. Nc3 e6 6. Be3 Bb4 7. f3 d5 8. Nxc6 bxc6 9. e5 Nd7 10. f4 0-0 11. a3 Bxc3+ 12. bxc3 Qa5 13. Qd2 Nb6 14. Bd3 c5 15. 0-0 c4 16. Be2 Na4 17. Bd4 Ba6 18. Bg4 Nc5 19. f5 exf5 20. Bxf5 Ne6 21. Rf3 Nxd4 22. Qxd4 Qb6 23. e6 Bc8 24. exf7+ Rxf7 25. Bxh7+ Kxh7 26. Rxf7 Qxd4+ 27. cxd4 Be6 28. Re7 Bf5 29. c3 Rb8 30. Rxa7 Rb2 31. Re7 Be4 32. Rxe4 dxe4 33. a4 e3 34. a5 e2 35. Kf2 Rd2 36. Ke1 Rc2 37. a6 1-0

[Event "POL-chT blind"]
[Site "Wagrowiec"]
[Date "2016.11.11"]
[Round "1.2"]
[White "Krynicki, Henryk"]
[Black "Traczyk, Tadeusz"]
[Result "1/2-1/2"]
[WhiteElo "1749"]
[BlackElo "1857"]
[PlyCount "53"]
[EventDate "2016.11.11"]
[EventType "team-tourn"]
[EventRounds "9"]
[EventCountry "POL"]
[SourceTitle "EXT 2019"]
[Source "ChessBase"]
[SourceDate "2018.10.10"]
[SourceVersion "1"]
[SourceVersionDate "2018.10.10"]
[SourceQuality "1"]

1. e4 c5 2. Nf3 Nc6 3. d4 cxd4 4. Nxd4 Nf6 5. Nc3 e6 6. Ndb5 Bb4 7. a3 Bxc3+ 8. Nxc3 d5 9. exd5 exd5 10. Bg5 d4 11. Qe2+ Be6 12. 0-0-0 0-0 13. Ne4 Bf5 14. Bxf6 gxf6 15. Qf3 Bxe4 16. Qxe4 Qa5 17. Bd3 Qh5 18. g4 Qh6+ 19. f4 Rfe8 20. Qf3 Re3 21. Qf2 Rae8 22. Kb1 Qh3 23. Bf1 Qf3 24. Qxf3 Rxf3 25. f5 Rf4 26. Rg1 Ne5 27. Bb5 1/2-1/2

[Event "Bydgoszcz blind op 43rd"]
[Site "Bydgoszcz"]
[Date "2014.03.15"]
[Round "3.8"]
[White "Wojcieszyn, Zdzislaw"]
[Black "Traczyk, Tadeusz"]
[Result "1-0"]
[WhiteElo "2001"]
[BlackElo "1882"]
[PlyCount "105"]
[EventDate "2014.03.13"]
[EventType "swiss"]
[EventRounds "11"]
[EventCountry "POL"]
[SourceTitle "EXT 2023"]
[Source "ChessBase"]
[SourceDate "2022.10.05"]
[SourceVersion "1"]
[SourceVersionDate "2022.10.05"]
[SourceQuality "1"]

1. Nf3 Nf6 2. c4 c5 3. Nc3 g6 4. d4 cxd4 5. Nxd4 Bg7 6. g3 0-0 7. Bg2 Nc6 8. 0-0 a6 9. Rb1 d6 10. Nxc6 bxc6 11. Bxc6 Rb8 12. Be3 Qc7 13. Qa4 Bf5 14. Rbc1 Rxb2 15. Qxa6 Rc8 16. Bb5 Rc2 17. Rxc2 Bxc2 18. Rc1 Be4 19. Nxe4 Nxe4 20. a4 Nc5 21. Bxc5 Qxc5 22. Qb7 Rc7 23. Qa8+ Rc8 24. Qe4 d5 25. Qd3 e5 26. e3 e4 27. Qe2 d4 28. exd4 Bxd4 29. Rd1 Re8 30. Re1 f5 31. Kg2 Rf8 32. Qd2 Rd8 33. Qg5 Ra8 34. Re2 Rf8 35. a5 Bf6 36. Qe3 Bd4 37. Qf4 Be5 38. Qd2 Bd4 39. a6 Qe5 40. Bc6 Kg7 41. Bd5 Rf6 42. Qa5 Qb8 43. Qb5 Qa7 44. Qb7+ Kh6 45. Qxa7 Bxa7 46. Ra2 Rd6 47. Kf1 g5 48. h3 Kg6 49. Ke2 g4 50. hxg4 fxg4 51. Bxe4+ Kg5 52. Ra3 Kf6 53. Bb7 1-0

[Event "Krynica-ch sf blind"]
[Site "Krynica"]
[Date "2013.03.14"]
[Round "6.7"]
[White "Przewoznik, Emil"]
[Black "Traczyk, Tadeusz"]
[Result "1/2-1/2"]
[WhiteElo "1963"]
[BlackElo "1872"]
[PlyCount "66"]
[EventDate "2013.03.14"]
[EventType "swiss"]
[EventRounds "9"]
[EventCountry "POL"]
[SourceTitle "EXT 2023"]
[Source "ChessBase"]
[SourceDate "2022.10.05"]
[SourceVersion "1"]
[SourceVersionDate "2022.10.05"]
[SourceQuality "1"]

1. d4 Nf6 2. Nf3 e6 3. Bg5 d5 4. c4 Nbd7 5. Nc3 Be7 6. e3 0-0 7. Qc2 c6 8. Bd3 Re8 9. 0-0 h6 10. Bf4 dxc4 11. Bxc4 Nd5 12. Bg3 Nxc3 13. Qxc3 Nf6 14. Qd3 a6 15. Bb3 b5 16. Ne5 Bb7 17. Bc2 c5 18. Ng4 cxd4 19. Nxf6+ Bxf6 20. exd4 Qd5 21. Qh7+ Kf8 22. f3 Rad8 23. Kh1 Qxd4 24. Bf2 Qd6 25. Rad1 Qe5 26. b4 g6 27. Bxg6 fxg6 28. Qxb7 Rxd1 29. Rxd1 Qe2 30. Bc5+ Kg8 31. Rg1 Qxa2 32. Qc6 Rd8 33. h3 Qd5 1/2-1/2

[Event "Grunwald Cup 37 blind"]
[Site "Dadaj"]
[Date "2012.09.20"]
[Round "6"]
[White "Traczyk, Tadeusz"]
[Black "Wojcieszyn, Zdzislaw"]
[Result "0-1"]
[WhiteElo "1875"]
[BlackElo "1944"]
[PlyCount "38"]
[EventDate "2012.09.16"]
[EventType "swiss"]
[EventRounds "9"]
[EventCountry "POL"]
[SourceTitle "CBM 150 Extra"]
[Source "ChessBase"]
[SourceDate "2012.10.19"]
[SourceVersion "1"]
[SourceVersionDate "2012.10.19"]
[SourceQuality "1"]

1. e4 c5 2. Nf3 e6 3. Nc3 Nc6 4. a3 Nf6 5. Bc4 d5 6. exd5 exd5 7. Qe2+ Be7 8. Bb5 0-0 9. 0-0 Bg4 10. h3 Bh5 11. d3 Re8 12. Qd1 Rb8 13. Nb1 Bd6 14. Nbd2 h6 15. c3 Nd7 16. Re1 Rxe1+ 17. Qxe1 Qf6 18. d4 c4 19. Qd1 Nb6 0-1

[Event "Grunwald Cup 37 blind"]
[Site "Dadaj"]
[Date "2012.09.17"]
[Round "2"]
[White "Mackowiak, Marek"]
[Black "Traczyk, Tadeusz"]
[Result "1-0"]
[WhiteElo "2160"]
[BlackElo "1875"]
[PlyCount "57"]
[EventDate "2012.09.16"]
[EventType "swiss"]
[EventRounds "9"]
[EventCountry "POL"]
[SourceTitle "CBM 150 Extra"]
[Source "ChessBase"]
[SourceDate "2012.10.19"]
[SourceVersion "1"]
[SourceVersionDate "2012.10.19"]
[SourceQuality "1"]

1. c4 e5 2. Nc3 Nf6 3. g3 Bc5 4. Bg2 0-0 5. Nf3 e4 6. Nh4 Re8 7. 0-0 d6 8. d4 exd3 9. Qxd3 Nbd7 10. Na4 Bb6 11. Nxb6 axb6 12. b3 Nc5 13. Qc2 Ne6 14. Bb2 Ng5 15. Nf5 Nge4 16. Nxg7 Kxg7 17. Bxe4 h6 18. e3 Kg8 19. Bf5 Bxf5 20. Qxf5 Ne4 21. f3 Ng5 22. h4 Ne6 23. Qh5 f6 24. Qg6+ Ng7 25. Bxf6 Qd7 26. Qxh6 Re6 27. Qxg7+ Qxg7 28. Bxg7 Kxg7 29. e4 1-0

[Event "Ramsowo Grunwald Cup 25th"]
[Site "Ramsowo"]
[Date "2010.09.28"]
[Round "7"]
[White "Traczyk, Tadeusz"]
[Black "Staruch, Roman"]
[Result "1/2-1/2"]
[WhiteElo "1925"]
[BlackElo "1978"]
[PlyCount "29"]
[EventDate "2010.09.24"]
[EventType "swiss"]
[EventRounds "9"]
[EventCountry "POL"]
[SourceTitle "EXT 2011"]
[Source "ChessBase"]
[SourceDate "2010.11.26"]
[SourceVersion "1"]
[SourceVersionDate "2010.11.26"]
[SourceQuality "1"]

1. e4 d5 2. exd5 Nf6 3. Nc3 Nxd5 4. Nxd5 Qxd5 5. Nf3 Bg4 6. Be2 e5 7. 0-0 Nc6 8. h3 Bh5 9. c3 0-0-0 10. b4 e4 11. Nh2 Bxe2 12. Qxe2 f5 13. f3 Bd6 14. fxe4 fxe4 15. Qg4+ 1/2-1/2

[Event "Ramsowo Grunwald Cup 25th"]
[Site "Ramsowo"]
[Date "2010.09.24"]
[Round "2"]
[White "Wegner, Wieslaw"]
[Black "Traczyk, Tadeusz"]
[Result "0-1"]
[WhiteElo "1773"]
[BlackElo "1925"]
[PlyCount "106"]
[EventDate "2010.09.24"]
[EventType "swiss"]
[EventRounds "9"]
[EventCountry "POL"]
[SourceTitle "EXT 2011"]
[Source "ChessBase"]
[SourceDate "2010.11.26"]
[SourceVersion "1"]
[SourceVersionDate "2010.11.26"]
[SourceQuality "1"]

1. e4 c5 2. Nf3 Nc6 3. d4 cxd4 4. Nxd4 Nf6 5. Nc3 e6 6. Nxc6 bxc6 7. a3 d5 8. f3 d4 9. e5 Ng8 10. Ne2 Qa5+ 11. Bd2 Qxe5 12. f4 Qd5 13. Bb4 c5 14. Ba5 Nf6 15. Qd3 c4 16. Qxd4 Qxa5+ 17. Nc3 Bc5 18. Qxc4 Qb6 19. 0-0-0 0-0 20. Na4 Be3+ 21. Kb1 Qb7 22. Rd3 Bb6 23. Nc5 Bxc5 24. Qxc5 Qb6 25. Qxb6 axb6 26. Rb3 Rb8 27. Rg1 Ne4 28. Kc1 Rd8 29. Bd3 Nc5 30. Rc3 Bb7 31. b3 Rd4 32. g3 Rc8 33. Kb2 g6 34. Re1 Rcd8 35. b4 Nxd3+ 36. cxd3 Rxd3 37. Re3 Rxe3 38. Rxe3 Rd2+ 39. Kc3 Rxh2 40. Kd4 Rd2+ 41. Ke5 Kg7 42. Rc3 Rd5+ 43. Ke4 Rc5+ 44. Kd4 Rxc3 45. Kxc3 Bc6 46. Kc4 b5+ 47. Kc5 Be8 48. Kd6 Kf6 49. g4 h6 50. Kc7 Ke7 51. Kc8 f6 52. Kc7 e5 53. fxe5 fxe5 0-1

[Event "POL-chT blind"]
[Site "Mielno"]
[Date "2010.03.22"]
[Round "3.11"]
[White "Traczyk, Tadeusz"]
[Black "Mackowiak, Marek"]
[Result "0-1"]
[WhiteElo "1896"]
[BlackElo "2236"]
[PlyCount "47"]
[EventDate "2010.03.21"]
[EventType "team-tourn"]
[EventRounds "10"]
[EventCountry "POL"]
[SourceTitle "EXT 2011"]
[Source "ChessBase"]
[SourceDate "2010.11.26"]
[SourceVersion "1"]
[SourceVersionDate "2010.11.26"]
[SourceQuality "1"]

1. e4 g6 2. d4 Bg7 3. Nc3 d6 4. Be3 a6 5. Bd3 b5 6. a3 Bb7 7. Nge2 Nd7 8. 0-0 Ngf6 9. h3 0-0 10. Qd2 c5 11. dxc5 dxc5 12. Ng3 Qc7 13. Bh6 Rfd8 14. Bxg7 Kxg7 15. Qe3 c4 16. Be2 Qc5 17. Qxc5 Nxc5 18. e5 Nd5 19. Nxd5 Rxd5 20. f4 Rd2 21. Rac1 Ne4 22. Nxe4 Rxe2 23. Rfe1 Rxe4 24. Rxe4 0-1

[Event "Grunwald Cup 23rd blind"]
[Site "Dadaj"]
[Date "2008.09.23"]
[Round "3"]
[White "Wassin, Sergej"]
[Black "Traczyk, Tadeusz"]
[Result "1-0"]
[WhiteElo "2325"]
[BlackElo "1971"]
[PlyCount "63"]
[EventDate "2008.09.21"]
[EventType "swiss"]
[EventRounds "9"]
[EventCountry "POL"]
[SourceTitle "CBM 126 Extra"]
[Source "ChessBase"]
[SourceDate "2008.11.05"]
[SourceVersion "1"]
[SourceVersionDate "2008.11.05"]
[SourceQuality "1"]

1. d4 Nf6 2. c4 e6 3. Nc3 d5 4. cxd5 exd5 5. Bg5 Be7 6. e3 0-0 7. Bd3 c6 8. Qc2 Nbd7 9. Nge2 Re8 10. 0-0 h6 11. Bh4 Nf8 12. f3 Nh5 13. Bf2 Nf6 14. Rad1 Be6 15. Kh1 Rc8 16. e4 a6 17. e5 N6d7 18. f4 Bg4 19. f5 c5 20. h3 cxd4 21. Bxd4 Bxe2 22. Bxe2 Bg5 23. Qb3 Nxe5 24. Nxd5 Ned7 25. Bh5 Nc5 26. Bxc5 Rxc5 27. Bxf7+ Kh8 28. Bxe8 Qxe8 29. f6 gxf6 30. Nxf6 Bxf6 31. Rxf6 Re5 32. Qc3 1-0

[Event "Kochan Memorial op 19th"]
[Site "Koszalin"]
[Date "2008.08.09"]
[Round "6"]
[White "Bernacki, Gabriel"]
[Black "Traczyk, Tadeusz"]
[Result "1-0"]
[WhiteElo "1874"]
[BlackElo "1971"]
[PlyCount "99"]
[EventDate "2008.08.04"]
[EventType "swiss"]
[EventRounds "9"]
[EventCountry "POL"]
[SourceTitle "CBM 125 Extra"]
[Source "ChessBase"]
[SourceDate "2008.09.01"]
[SourceVersion "1"]
[SourceVersionDate "2008.09.01"]
[SourceQuality "1"]

1. e4 c5 2. Nc3 Nc6 3. Bb5 g6 4. Bxc6 dxc6 5. d3 Bg7 6. Be3 Bd4 7. Qd2 Bxe3 8. Qxe3 Qd4 9. Kd2 Nf6 10. h3 Nd7 11. f4 Nb6 12. Qxd4 cxd4 13. Nce2 c5 14. b4 cxb4 15. Nf3 0-0 16. Nexd4 Na4 17. Rhb1 a5 18. a3 bxa3 19. Rxa3 Nc5 20. Rb5 Ne6 21. Nxe6 Bxe6 22. Rxb7 Rfe8 23. Rb5 a4 24. Rb4 Bd7 25. Ne5 Bc8 26. Raxa4 Rxa4 27. Rxa4 f6 28. Nc6 Bb7 29. Nb4 f5 30. Ra7 Ba8 31. Nd5 Bxd5 32. exd5 Kf8 33. Rd7 h6 34. h4 Ra8 35. d6 exd6 36. Rxd6 Kf7 37. Ke3 Re8+ 38. Kf2 Rc8 39. c4 Rc5 40. h5 gxh5 41. Rxh6 Ra5 42. Rxh5 Ra2+ 43. Kg1 Ra1+ 44. Kh2 Kg6 45. Rh3 Rc1 46. Re3 Kf6 47. Re5 Rc3 48. Rd5 Ke6 49. g4 fxg4 50. Kg3 1-0

[Event "Grunwald Cup 22nd blind"]
[Site "Dadaj"]
[Date "2007.09.28"]
[Round "8"]
[White "Stankiewicz, Edward"]
[Black "Traczyk, Tadeusz"]
[Result "1-0"]
[WhiteElo "1883"]
[BlackElo "1964"]
[PlyCount "53"]
[EventDate "2007.09.24"]
[EventType "swiss"]
[EventRounds "9"]
[EventCountry "POL"]
[SourceTitle "EXT 2009"]
[Source "ChessBase"]
[SourceDate "2008.11.26"]
[SourceVersion "1"]
[SourceVersionDate "2008.11.26"]
[SourceQuality "1"]

1. e4 c5 2. Nf3 g6 3. d4 cxd4 4. Nxd4 Bg7 5. Be3 Nf6 6. Nc3 0-0 7. Qd2 Nc6 8. 0-0-0 a6 9. f3 Qc7 10. Kb1 b5 11. g4 Na5 12. Be2 Nc4 13. Bxc4 Qxc4 14. h4 Qb4 15. Ka1 Rb8 16. Rb1 h6 17. h5 g5 18. Bxg5 Ne8 19. Be3 Nc7 20. Bxh6 Bxh6 21. Qxh6 Ne6 22. Nxe6 dxe6 23. g5 Qd4 24. g6 fxg6 25. hxg6 Rd8 26. Qh7+ Kf8 27. g7+ 1-0